| 000 | 00666nam a22001697a 4500 | ||
|---|---|---|---|
| 003 | OSt | ||
| 005 | 20230706164804.0 | ||
| 008 | 230620b |||||||| |||| 00| 0 eng d | ||
| 040 | _cChuka University Library | ||
| 050 |
_aTHE LB 2341 _b.N85 2014 |
||
| 100 |
_aNthiiri, Caroline Muthoni _910249 |
||
| 245 | _aEffectiveness of competitive strategies on student enrolment ,staff attraction and retention in Kenyan Universities: A case of Universities in Tharaka Nithi and Meru counties | ||
| 260 |
_aChuka _bChuka University _c2014 |
||
| 300 |
_a61 leaves _bIllustrated |
||
| 650 |
_aEducation higher--Kenya--Meru and Tharaka Nithi counties _910250 |
||
| 942 |
_2lcc _cTHE _n0 |
||
| 999 |
_c14460 _d14460 |
||